Centre d'Estudis i Recursos Socials : [un instrument al servei dels ajuntaments] [un instrument al servei dels ajuntaments]
Descripción Física:
30 f. : mecanografiats ; 30 cm
MARC
| LEADER | 00000nam a2200000Ia 4500 | ||
|---|---|---|---|
| 001 | 10686 | ||
| 008 | 160829s1990 xx 000 0 cat d | ||
| 080 | |a FU-26-8 | ||
| 100 | |a Centre d'Estudis i Recursos Socials (Barcelona) |9 38754 | ||
| 245 | |a Centre d'Estudis i Recursos Socials : |b [un instrument al servei dels ajuntaments] | ||
| 260 | |a Barcelona : |b Diputació de Barcelona, Àrea de Serveis Socials, |c 1990 | ||
| 300 | |a 30 f. : |b mecanografiats ; |c 30 cm | ||
| 590 | |a A la coberta: Document: Departament de Suport Tècnic, Centre d'Estudis i Recursos Socials. | ||
| 590 | |a Títol extret del primer punt del document | ||
| 650 | |a Centre d'Estudis i Recursos Socials (Barcelona) |9 38754 | ||
| 710 | |a Barcelona (Catalunya : Província). |b Àrea de Serveis Socials |9 53159 | ||
| 901 | |a Arxiu | ||
| 942 | |n 1 | ||
| 952 | |0 0 |1 0 |4 0 |6 FU268 |7 1 |9 48580 |a Arxiu |b Arxiu |d 2016-12-01 |l 0 |o FU-26-8 |p 10686 |r 2016-12-01 00:00:00 |w 2016-12-01 |y ARXIU | ||
| 999 | |c 52410 |d 52410 | ||